| 000 | 00973cam a22003375a 4500 | ||
|---|---|---|---|
| 001 | data | ||
| 005 | 20260322212111.0 | ||
| 008 | data | ||
| 035 | _a21206170 | ||
| 906 |
_a7 _bcbc _ccopycat _d3 _eepcn _f20 _gy-gencatlg |
||
| 010 | _a 72351677 | ||
| 020 | _a902423333X | ||
| 020 | _a9789024233335 | ||
| 035 | _a(OCoLC)927603 | ||
| 040 |
_aBHA _beng _cBHA _dDLC _dNLGGC _dSZT _dOCLCQ _dOCLCF _dOCLCQ _dOCLCO _dDLC |
||
| 042 | _alccopycat | ||
| 050 | 0 | 0 |
_aBV2067 _b.H45 |
| 082 | 0 | 4 | _a266 |
| 084 |
_a11.78 _2bcl |
||
| 100 | 1 | _aHeuvel, Albert H. van den. | |
| 245 | 1 | 4 |
_aEen nieuw zendingstijdperk? _c[Door] A.H. van den Heuvel. |
| 260 |
_aKampen, _bKok, _c1972. |
||
| 300 |
_a35 pages _c21 cm |
||
| 336 |
_atext _btxt _2rdacontent |
||
| 337 |
_aunmediated _bn _2rdamedia |
||
| 338 |
_avolume _bnc _2rdacarrier |
||
| 504 | _aIncludes bibliographical references. | ||
| 650 | 0 | _aMissions. | |
| 650 | 7 |
_aMissions. _2fast _0(OCoLC)fst01023771 |
|
| 999 |
_c1654 _d1654 |
||